000 00340nam a2200133Ia 4500
005 20260328101448.0
008 260328s9999||||xx |||||||||||||| ||und||
100 _aFevre, Fermín
245 0 _aSerra-Valera :
_b Un Nuevo Paisaje Urbano /
_cFermín Fevre
260 _bUnión Carbide
300 _a31 p.
650 _aARQUITECTOS
942 _cBK
999 _c8528
_d8528